La lectura y la sociedad del conocimiento / (Record no. 188740)

MARC details
000 -LEADER
campo de control de longitud fija 00581nam a2200181 i 4500
001 - NÚMERO DE CONTROL
campo de control 188740
003 - IDENTIFICADOR DE NÚMERO DE CONTROL
campo de control SpMaBN
005 - FECHA Y HORA DE LA ÚLTIMA TRANSACCIÓN
campo de control 20250822052422.0
008 - DATOS DE LONGITUD FIJA--INFORMACIÓN GENERAL
campo de control de longitud fija 190211s2001 sp |||| | spa d
080 ## - NÚMERO DE LA CLASIFICACIÓN DECIMAL UNIVERSAL
Número de la Clasificación Decimal Universal 028.01
100 1# - ENTRADA PRINCIPAL--NOMBRE DE PERSONA
Nombre de persona Millán, José Antonio,
Fechas asociadas al nombre 1954-
9 (RLIN) 81131
245 13 - MENCIÓN DEL TÍTULO
Título La lectura y la sociedad del conocimiento /
Mención de responsabilidad, etc. José Antonio Millán.
260 ## - PUBLICACIÓN, DISTRIBUCIÓN, ETC.
Lugar de publicación, distribución, etc. [Madrid] :
Nombre del editor, distribuidor, etc. Federación de Gremios de Editores de España,
Fecha de publicación, distribución, etc. [2001]
300 ## - DESCRIPCIÓN FÍSICA
Extensión 63 p. ;
Dimensiones 15 cm.
650 #7 - PUNTO DE ACCESO ADICIONAL DE MATERIA--TÉRMINO DE MATERIA
Término de materia o nombre geográfico como elemento de entrada Libros y lectura
Fuente del encabezamiento o término embne
9 (RLIN) 142519
852 ## - LOCALIZACIÓN
Ubicación ES-MaACL
Número de control de estantería 2337-F-2
Holdings
Estatus retirado Estado de pérdida Estado de daño No para préstamo Colección Biblioteca de origen Biblioteca actual Ubicación en estantería Fecha de adquisición Fuente de adquisición Total de préstamos Signatura topográfica completa Código de barras Visto por última vez Precio de reemplazo Tipo de ítem Koha
        Colección de folletos Biblioteca del Ateneo de Madrid Biblioteca del Ateneo de Madrid Depósito folletos 11/02/2019     2337-F-2 1199863 23/02/2023 23/02/2023 Folleto